LEADER 00896nam a2200229 i 4500 001 000000131322 003 CaOOAMICUS 005 20041115000000.0 008 041115s1964 it u000 u ita u 013 $a104194 040 $aSeMil$bita 100 1 $aCasali, Giuseppe.$0(OLS)http://semarc/name/5884 245 10$aSomma di teologia dogmatica /$cGiuseppe Casali. 250 $a3. ed. 260 $aLucca :$bRegnum Christi,$cstampa 1964$e(Firenze :$fZincografica Fiorentina,$gstampa 1964) 300 $a707 p. ;$c21 cm. 650 4$aTeologia dogmatica - Manuali.$0(OLS)http://semarc/subject/4 850 $aSeMil 852 $aSeMil$W1$xVenegono$y1$m741 3 *$j85303$B85303$CSeMilBibl$Z2$F89173 $81 961 $aLascito: Bassani don Emilio 996 $6245$aSomma di teologia dogmatica$9(OLS)http://semarc/title/193253 996 $6260$aLucca :$bRegnum Christi$9(OLS)http://semarc/publisher/33385 LEADER 01086nam a2200253 i 4500 001 000000164658 003 CaOOAMICUS 005 20070921000000.0 008 070921s1970 it u000 u ita u 013 $a142026 040 $aSeMil$bita 100 1 $aScott King, Coretta.$0(OLS)http://semarc/name/62205 245 13$aLa mia vita con Martin Luther King /$cCoretta Scott King ; traduzione di Delfo Ceni. 260 $a[Milano] :$bArnoldo Mondadori Editore,$c1970. 300 $a427 p., con 22 illustrazioni fuori testo ;$c22 cm. 490 0 $aLe scie 600 14$aKing, Martin Luther .$0(OLS)http://semarc/subject/22852 700 1 $aCeni, Delfo.$0(OLS)http://semarc/name/51760 830 3$aLe scie.$0(OLS)http://semarc/title/6825 850 $aSeMil 852 $aSeMil$W1$xVenegono$y1$m3V III 298$j248446$B115890$CSeMilBibl$Z2$F126721 $81 961 $aRecupero: Altro 996 $6245$aLa mia vita con Martin Luther King$9(OLS)http://semarc/title/234950 996 $6260$a[Milano] :$bArnoldo Mondadori Editore$9(OLS)http://semarc/publisher/29634